Catálogo

EMPRESAS MULTINACIONALES (Registro nro. 15857)

Detalles MARC
000 -LEADER
fixed length control field 00478nam a2200181 a 4500
001 - CONTROL NUMBER
control field 15857
005 - DATE AND TIME OF LATEST TRANSACTION
control field 20180713204634.0
008 - FIXED-LENGTH DATA ELEMENTS--GENERAL INFORMATION
fixed length control field 140415s1973 000 0 spa d
041 ## - LANGUAGE CODE
Language code of text/sound track or separate title spa
082 ## - DEWEY DECIMAL CLASSIFICATION NUMBER
Classification number 658
Item number MAR
100 1# - MAIN ENTRY--PERSONAL NAME
Personal name MARTY, HOME
245 10 - TITLE STATEMENT
Title EMPRESAS MULTINACIONALES
260 ## - PUBLICATION, DISTRIBUTION, ETC.
Place of publication, distribution, etc. [s.l.] :
Name of publisher, distributor, etc. PROLAM,
Date of publication, distribution, etc. 1973
300 ## - PHYSICAL DESCRIPTION
Extent 270
650 14 - SUBJECT ADDED ENTRY--TOPICAL TERM
Topical term or geographic name entry element ADMINISTRACION DE EMPRESAS
700 1# - ADDED ENTRY--PERSONAL NAME
Personal name ORRIES E IBARS, JOSE
Relator term tr.
700 1# - ADDED ENTRY--PERSONAL NAME
Personal name NIELSEN, ARTHUR C.
Relator term pról.
Existencias
Withdrawn status Lost status Source of classification or shelving scheme Damaged status Not for loan Collection code Home library Current library Shelving location Date acquired Source of acquisition Inventory number Total Checkouts Full call number Barcode Date last seen Price effective from Koha item type
    Dewey Decimal Classification     General Biblioteca Karol Wojtyla Biblioteca Karol Wojtyla Sala general 03/12/2013 Compra 151000000000000000020595   658 MAR 3354 05/01/2026 03/12/2013 Libro